Integrodifferential equations and delay models in population dynamics
Sparad:
| Huvudupphovsman: | |
|---|---|
| Materialtyp: | Bok |
| Språk: | engelska |
| Publicerad: |
Berlín
Springer-Verlag
1977
|
| Serie: | Lecture Notes in Biomathematics, 20
|
| Ämnen: | |
| Taggar: |
Lägg till en tagg
Inga taggar, Lägg till första taggen!
|
MARC
| LEADER | 00000nam a2200000 a 4500 | ||
|---|---|---|---|
| 001 | UCS0906 | ||
| 003 | CL-VaPUC | ||
| 008 | 970428e19770000GW |||||||||||||||||eng|d | ||
| 082 | 0 | 4 | |a 570.15195 |b CUS |2 21 |
| 100 | 0 | |a Cushing, J. M |e author |9 384815 | |
| 245 | 1 | 0 | |a Integrodifferential equations and delay models in population dynamics |
| 300 | |a 196 p | ||
| 942 | |c BK | ||
| 945 | |d 19970428 00:00:00 |a rleighto | ||
| 260 | |a Berlín |b Springer-Verlag |c 1977 | ||
| 650 | 7 | |a BIOMATEMATICAS |2 CL-VaPUC |9 260148 | |
| 650 | 0 | |a Sistemas lineales |9 384816 | |
| 650 | 0 | |a Oscilaciones |9 344730 | |
| 650 | 7 | |a DINAMICA DE LA POBLACION |2 CL-VaPUC |9 338226 | |
| 583 | |a last modification |c 19970428 00:00:00 |k Rodrigo Vera | ||
| 490 | 0 | |a Lecture Notes in Biomathematics, 20 | |
| 999 | |c 259043 |d 259041 | ||